000 00592nam a2200181Ia 4500
008 100920s9999 xx 000 0 und d
082 _b36589
_a891.464 थ 76
100 _aशिरवाडकर वसंत.
245 _aग्रह आणि आग्रह.
260 _bअभिनव प्रकाशन, मुंबई 14.
_c1976
300 _a148
_bसाधी
365 _b12
520 _aनिबंध.
630 _aग्रह आणि आग्रह.
650 _aनिबंध.
730 _aग्रह आणि आग्रह.
942 _cBOOK
999 _c689597
_d689594